000 00833nam a2200217Ii 4500
003 JO-AjNU
008 230605s9999||||xx |||||||||||||| ||und||
040 _aJO-AjNU
_bara
_erda
_cJO-AjNU
041 _aara
050 1 4 _aPJ6101.A4424 1991
100 3 _aتاليف البصري،علي بن حمزة؛حققه خليل ابراهيم العطية,
_eauthor
_99325
245 0 0 _aبقية التنبيهات على اغلاط الرواة
250 _aط1
264 3 1 _aبغداد: دار الشؤون الثقافية العامه، 1991
300 _a222ص
336 _atext
_btxt
_2rdacontent
337 _aunmediated
_bn
_2rdamedia
338 _avolume
_bnc
_2rdacarrier
490 0 _aسلسلة خزانة التراث
650 4 _aاللغة العربية-بقية التنبيهات على أغلاط الرواة
_99326
999 _aA1241
_c4809
_d4809